| 000 | 00590nam a2200229Ia 4500 | ||
|---|---|---|---|
| 003 | OSt | ||
| 005 | 20230615145957.0 | ||
| 008 | 210423s2018 xx 000 0 und d | ||
| 020 | _a9780198072072 | ||
| 040 | _cAL | ||
| 041 | _aeng | ||
| 082 |
_a658.15 _223 _bSRIF |
||
| 100 |
_aSRIVASTAVA (Rajiv);MISRA (Anil) _992572 |
||
| 245 | _aFinancial management Ed 2 | ||
| 250 | _a2 | ||
| 260 |
_aNew Delhi _bOxford University Press _c2018 |
||
| 300 |
_axiv,816 _bPB |
||
| 365 |
_b799 _cINR |
||
| 650 |
_aFinancial Management _992573 |
||
| 906 | _aFinancial ; Management | ||
| 942 |
_2ddc _cBK |
||
| 999 |
_c170181 _d170181 |
||